Les écoles et collèges en provence depuis les temps les plus reculés jusqu'en 1789, (Record no. 19086)
[ view plain ]
| 000 -LEADER | |
|---|---|
| fixed length control field | 00652cam a22002051 4500 |
| 001 - CONTROL NUMBER | |
| control field | e 10002099 |
| 003 - CONTROL NUMBER IDENTIFIER | |
| control field | DLC |
| 005 - DATE AND TIME OF LATEST TRANSACTION | |
| control field | 20260227111154.0 |
| 008 - FIXED-LENGTH DATA ELEMENTS--GENERAL INFORMATION | |
| fixed length control field | 780424s1882 fr 000 0 fre c |
| 010 ## - LIBRARY OF CONGRESS CONTROL NUMBER | |
| LC control number | e 10002099 |
| 035 ## - SYSTEM CONTROL NUMBER | |
| System control number | (OCoLC)3823706 |
| 040 ## - CATALOGING SOURCE | |
| Original cataloging agency | Library, U.S. Bur. of Education |
| Transcribing agency | DNIE |
| Modifying agency | OCoLC |
| -- | DLC |
| 042 ## - AUTHENTICATION CODE | |
| Authentication code | premarc |
| 050 00 - LIBRARY OF CONGRESS CALL NUMBER | |
| Classification number | LA715.D5 |
| Item number | M8 |
| 100 1# - MAIN ENTRY--PERSONAL NAME | |
| Personal name | Muteau, Charles, |
| Dates associated with a name | 1824-1910. |
| 245 14 - TITLE STATEMENT | |
| Title | Les écoles et collèges en provence depuis les temps les plus reculés jusqu'en 1789, |
| Statement of responsibility, etc. | par Charles Muteau. |
| 260 ## - PUBLICATION, DISTRIBUTION, ETC. | |
| Place of publication, distribution, etc. | Dijon, |
| Name of publisher, distributor, etc. | Impr. Darantiere, |
| Date of publication, distribution, etc. | 1882. |
| 300 ## - PHYSICAL DESCRIPTION | |
| Extent | xlv, 601 p., 1 l. |
| Dimensions | 23 cm. |
| 650 #0 - SUBJECT ADDED ENTRY--TOPICAL TERM | |
| Topical term or geographic name entry element | Education |
| Geographic subdivision | France. |
No items available.